| 000 | 00427nam a22001697a 4500 | ||
|---|---|---|---|
| 003 | CEME | ||
| 005 | 20210628203115.0 | ||
| 008 | 210120b xxu||||| |||| 00| 0 eng d | ||
| 040 | _c. | ||
| 082 | _a954.91042 MIR | ||
| 100 |
_aMirza , Muhmmad Muzafer. Prof _963349 |
||
| 245 | _aMillat ka pasban | ||
| 260 |
_aLAHORE _bMAQBOOL AZADEMY _c2007 |
||
| 300 | _a208P | ||
| 650 |
_aBIOGRAPHY-QUAID-E-AZAM _963350 |
||
| 942 |
_cBK _2ddc |
||
| 999 |
_c572204 _d572204 |
||